1000 [i.e. Mil] bolsas, etiquetas y adhesivos : diseños originales para cualquier empresa /

El título mismo anuncia los tres grandes apartados en que se divide la obra, presentando numerosas muestras de la identidad corporativa expresada gráficamente en esos objetos. Incluye al final un directorio de los creadores considerados.

Gardado en:
Detalles Bibliográficos
Autor Principal: Eldridge, Kiki (autor)
Formato: Libro
Idioma:Lingua castelá
Publicado: Barcelona, España : Index Book, 2006, c2006
Temas:
Etiquetas: Engadir etiqueta
Sen Etiquetas, Sexa o primeiro en etiquetar este rexistro!

MARC

LEADER 00000nam^a2200000^a^4500
001 000190335
005 20250521000000.0
009 20260310102447.257
020 |a 84-96309-29-0 
037 |a Acervo ITESO - Biblioteca 
041 |a ESP 
082 |a 741. 63  |b ELD 
100 |a Eldridge, Kiki  |e (autor) 
245 1 0 |a 1000 [i.e. Mil] bolsas, etiquetas y adhesivos :  |b diseños originales para cualquier empresa /  |c K. Eldridge. 
264 4 |a Barcelona, España :  |b Index Book,  |c 2006, c2006 
300 |a 319 p. 
336 |a texto  |b txt  |2 rdacontenido 
337 |a sin mediación  |b n  |2 rdamedio 
338 |a volumen  |b nc  |2 rdasoporte 
520 |a El título mismo anuncia los tres grandes apartados en que se divide la obra, presentando numerosas muestras de la identidad corporativa expresada gráficamente en esos objetos. Incluye al final un directorio de los creadores considerados. 
649 |a XX 
650 |a Empaques y Bolsas -  |x Tema Principal 
650 |a Etiquetas -  |x Tema Principal 
650 |a Identidad Corporativa 
650 |a Diseño Gráfico -  |x Tema Principal 
650 |a Comunicación Visual 
910 |a Fondo General 
920 |a Impresos - Libros 
930 |a Reserva Especial 
905 |a 103 
901 |a 0500133716  |b IT1  |c REE  |u 20250521 
902 |a https://opac.biblio.iteso.mx/vufind/Record/000190335